000 00529nam a2200217Ia 4500
003 OSt
005 20220928151955.0
006 a|||||r|||| 00| 0
007 ta
008 220927b |||||||| |||| 00| 0 hin d
024 _a138428
037 _cTextual
040 _aSDCL
_cSDCL
_bhin
041 _2hin
_ahin
082 _a4xN35, N2.1
100 _aShukl BhanuPratap
_9516302
245 0 _aSamay Sakshi.
260 _c1992
942 _h4xN35, N2.1
_cTEXL
_2CC
999 _c853708
_d853708